Do you know your video games? - Statistics

General Stats
  • This quiz has been taken 10 times
  • The average score is 6 of 16
Answer Stats
Picture Answer % Correct
Grand Theft Auto 3
71%
Far Cry 5
57%
Half-Life
57%
Assassin's Creed 2
43%
Grim Fandango
43%
PUBG
43%
Quake 3
43%
Age of Empires 3
29%
Counter Strike
29%
Deus Ex Human Revolution
29%
Doom 3
29%
Serious Sam
29%
Unreal Tournament
29%
Aliens vs. Predator
14%
Dying Light
14%
The Talos Principle
14%
No matching quizzes found
Score Distribution
Percent of People with Each Score
Percentile by Number Answered
Your Score History
You have not taken this quiz